Rare Letter Clusters You Might Know - Statistics

General Stats
  • This quiz has been taken 34 times
  • The average score is 14 of 20
Answer Stats
Cluster # Words Hint % Correct
FFY 27 iffy | jiffy | taffy | fluffy | +23 Something that feels uncertain
97%
NJA 31 ninja | enjambment | benjamin | +28 A Japanese agent of the feudal era
93%
IXT 46 mixture | sixteen | betwixt | +43 What you might call a blend of two liquids
87%
OJO 22 photojournalism | mojo | sojourn | dojo | +18 The telling of news through pictures
83%
UEE 42 queen | marquee | squeeze | queer | +38 The most valuable chess piece
83%
UTZ 39 klutz | chutzpah | kibbutz | +36 An awkward or clumsy person
80%
CNI 15 picnic | cnidarian | pycnidium | +12 You might bring a basket and blanket to this
80%
VVY 11 savvy | divvy | skivvy | +8 As in the term, "business-____"
80%
AAR 13 aardvark | bazaar | aargh | +10 This animal eats termites
77%
AZU 24 azulejo | lazuli | azure | gazump | azuki | +19 Portuguese or Spanish tiles
73%
FAE 7 faerie | faeces | +5 A fantasy creature, often depicted with wings
73%
ZET 19 gazette | zettabyte | mozzetta | +16 Another name for a newspaper
73%
LFR 15 girlfriend | alfredo | bullfrog | wolfram | +11 A female significant other
73%
CKG 17 background | backgammon | blackguard | +14 A thing that displays behind something else
70%
OYO 17 coyote | arroyo | joyous | +14 To oversimplify, a small wolf
70%
DYM 18 handyman | readymade | neodymium | +15 A maintenance worker
57%
XTA 19 juxtaposition | extant | foxtail | +16 Comparing two very different things
57%
TCE 4 etcetera | saltcellar | +2 So on and so forth
50%
IUT 7 prosciutto | malemiut | qiviut | +4 Dry-cured Italian ham
47%
SHP 23 hushpuppy | pushpin | crushproof | +20 Basically cornbread, but fried
43%
No matching quizzes found
Score Distribution
Percent of People with Each Score
Percentile by Number Answered
Your Score History
You have not taken this quiz